DR. FAUSTUS (Record no. 216935)
[ view plain ]
| 000 -LEADER | |
|---|---|
| fixed length control field | 00555nam a22001817a 4500 |
| 008 - FIXED-LENGTH DATA ELEMENTS--GENERAL INFORMATION | |
| fixed length control field | 260413b |||||||| |||| 00| 0 eng d |
| 020 ## - INTERNATIONAL STANDARD BOOK NUMBER | |
| International Standard Book Number | 978-0-486-28208-4 |
| 050 ## - LIBRARY OF CONGRESS CALL NUMBER | |
| Classification number | PR 2664 .A I M 37 1994 |
| 100 ## - MAIN ENTRY--PERSONAL NAME | |
| Personal name | MARLOWE, CHRISTOPHER |
| 245 ## - TITLE STATEMENT | |
| Title | DR. FAUSTUS |
| 250 ## - EDITION STATEMENT | |
| Edition statement | DOVER THRIFT |
| 260 ## - PUBLICATION, DISTRIBUTION, ETC. | |
| Place of publication, distribution, etc. | NEW YORK, |
| Name of publisher, distributor, etc. | DOVER PUBLICATIONS, |
| Date of publication, distribution, etc. | 1994, |
| 300 ## - PHYSICAL DESCRIPTION | |
| Extent | Vi, 56 P, ILL |
| 500 ## - GENERAL NOTE | |
| General note | INCLUDES BIBLIOGRAPHICAL REFERENCES |
| 650 ## - SUBJECT ADDED ENTRY | |
| Topical term or geographic name entry element | 1. Faust, -approximately 1540-Drama 2. Magicians-Drama 3. Germany-Drama |
| 942 ## - ADDED ENTRY ELEMENTS (KOHA) | |
| Source of classification or shelving scheme | Library of Congress Classification |
| Koha item type | Long Loan Book |
| Withdrawn status | Lost status | Source of classification or shelving scheme | Damaged status | Not for loan | Collection | Home library | Current library | Shelving location | Date acquired | Inventory number | Total checkouts | Full call number | Barcode | Date last seen | Copy number | Price effective from | Koha item type |
|---|---|---|---|---|---|---|---|---|---|---|---|---|---|---|---|---|---|
| Library of Congress Classification | Arts & Social Sciences | Kisii University Library | Kisii University Library | On Display | 04/13/2026 | 111403 | PR 2664 .A I M 37 1994 | 000000024097 | 04/13/2026 | 1 | 04/13/2026 | Long Loan Book | |||||
| Library of Congress Classification | Arts & Social Sciences | Kisii University Library | Kisii University Library | On Display | 04/13/2026 | 111405 | PR 2664 .A I M 37 1994 | 000000024083 | 04/13/2026 | 2 | 04/13/2026 | Long Loan Book | |||||
| Library of Congress Classification | Arts & Social Sciences | Kisii University Library | Kisii University Library | On Display | 04/13/2026 | 111406 | PR 2664 .A I M 37 1994 | 000000024096 | 04/13/2026 | 3 | 04/13/2026 | Long Loan Book | |||||
| Library of Congress Classification | Arts & Social Sciences | Kisii University Library | Kisii University Library | On Display | 04/13/2026 | 111404 | PR 2664 .A I M 37 1994 | 000000024022 | 04/13/2026 | 4 | 04/13/2026 | Long Loan Book |